000 00852cab a22001815a 4500
001 L144787
008 080811s2008 xxk f 000 0 eng d
035 _a(Sirsi) u144787
041 0 _aeng
100 1 _aFrancis, Andrew
245 0 0 _aRight of lights ahead!
260 _c2008
490 _aJournal of Building Appraisal
_v4(1) 3 June 2008, 5-13(9)
520 _aPaper discusses the practical side of rights of light from the planning stage to building completion. Features contrasting case studies taken from recent legal cases on the matter. Paper is not intended as a detailed study of legislation, but rather as a series of practical suggestions for commonplace consideration of the topic.
651 4 _aEngland and Wales
_y1543-
690 _aPROPERTY-PROPERTY MANAGEMENT-EASEMENTS-RIGHTS TO LIGHT DETERMINATION-RIGHTS TO LIGHT
942 _n0
999 _c80586
_d80586